Arya Dravida Bhashakalude Paraspara Bandham (Record no. 71570)

MARC details
000 -LEADER
fixed length control field 00446nam a2200145Ia 4500
008 - FIXED-LENGTH DATA ELEMENTS--GENERAL INFORMATION
fixed length control field 211109s9999||||xx |||||||||||||| ||und||
082 ## - DEWEY DECIMAL CLASSIFICATION NUMBER
Classification number 494.81
Item number RAV-A
100 ## - MAIN ENTRY--PERSONAL NAME
Personal name Ravi Varma, L A
245 #0 - TITLE STATEMENT
Title Arya Dravida Bhashakalude Paraspara Bandham
260 ## - PUBLICATION, DISTRIBUTION, ETC.
Name of publisher, distributor, etc. Kerala Sahitya Academy
Place of publication, distribution, etc. Trichur
Date of publication, distribution, etc. 1978
300 ## - PHYSICAL DESCRIPTION
Extent 120p.
630 ## - SUBJECT ADDED ENTRY--UNIFORM TITLE
General subdivision GENERAL STACK
650 ## - SUBJECT ADDED ENTRY--TOPICAL TERM
Topical term or geographic name entry element LANGUAGE
942 ## - ADDED ENTRY ELEMENTS (KOHA)
Koha item type BOOK
650 ## - SUBJECT ADDED ENTRY--TOPICAL TERM
Form subdivision OTHER LANGUAGES
General subdivision ALTAIC,URALIC,HYPERBOREAN &DRAVIDIANGeneralia
Holdings
Withdrawn status Lost status Damaged status Not for loan Home library Current library Date acquired Cost, normal purchase price Total Checkouts Full call number Barcode Shelving location Date last seen Date last checked out Price effective from Koha item type
        SB LIBRARY SB LIBRARY 09/11/2021 4.50 1 494.81 RAV-A 00055895 GENERAL STACK 29/02/2024 12/02/2024 09/11/2021 BOOK

Powered by Koha